Ablaze For God (Record no. 11980)

MARC details
000 -LEADER
fixed length control field 00334nam a22001337a 4500
008 - FIXED-LENGTH DATA ELEMENTS--GENERAL INFORMATION
fixed length control field 220209b ||||| |||| 00| 0 eng d
020 ## - INTERNATIONAL STANDARD BOOK NUMBER
International Standard Book Number 9788173620751
050 ## - LIBRARY OF CONGRESS CALL NUMBER
Classification number 248.892
Item number 1
100 ## - MAIN ENTRY--PERSONAL NAME
Personal name Duewel l.Wesley
9 (RLIN) 7543
245 ## - TITLE STATEMENT
Title Ablaze For God
260 ## - PUBLICATION, DISTRIBUTION, ETC. (IMPRINT)
Place of publication, distribution, etc. Andhra Pradesh
Name of publisher, distributor, etc. Authentic Books
Date of publication, distribution, etc. 1996
300 ## - PHYSICAL DESCRIPTION
Extent 328.P
942 ## - ADDED ENTRY ELEMENTS (KOHA)
Source of classification or shelving scheme Dewey Decimal Classification
Koha item type BOOK
Holdings
Withdrawn status Lost status Source of classification or shelving scheme Damaged status Not for loan Home library Current library Shelving location Date acquired Total Checkouts Full call number Barcode Date last seen Price effective from Koha item type
    Dewey Decimal Classification     Good Samaritan School Library Good Samaritan School Library RELIGION 02/09/2022   248.892 , E-10 17007 02/09/2022 02/09/2022 BOOK

Powered by Koha